| 000 -LEADER |
| fixed length control field |
00972nam a2200253Ia 4500 |
| 001 - CONTROL NUMBER |
| control field |
18121 |
| 003 - CONTROL NUMBER IDENTIFIER |
| control field |
GE_BSU |
| 008 - FIXED-LENGTH DATA ELEMENTS--GENERAL INFORMATION |
| fixed length control field |
181216s||||||||xx |||||||||||||| ||und|| |
| 020 ## - INTERNATIONAL STANDARD BOOK NUMBER |
| International Standard Book Number |
ISSN 1512-09-531512-2085 |
| 040 ## - CATALOGING SOURCE |
| Transcribing agency |
GE_BSU |
| 080 ## - UNIVERSAL DECIMAL CLASSIFICATION NUMBER |
| Universal Decimal Classification number |
94+930(439.22)(058) |
| 245 ## - TITLE STATEMENT |
| Title |
საისტორიო ძიებანი XII. წელიწდეული |
| 245 ## - TITLE STATEMENT |
| Statement of responsibility, etc. |
მთ.რედ. ზ. პაპასქირი |
| 250 ## - EDITION STATEMENT |
| Edition statement |
სოხუმის სახ. უნ-ტი |
| 260 ## - PUBLICATION, DISTRIBUTION, ETC. |
| Place of publication, distribution, etc. |
თბილისი |
| 260 ## - PUBLICATION, DISTRIBUTION, ETC. |
| Name of publisher, distributor, etc. |
სოხუმის სახ. უნ-ტი |
| 260 ## - PUBLICATION, DISTRIBUTION, ETC. |
| Date of publication, distribution, etc. |
2013 |
| 300 ## - PHYSICAL DESCRIPTION |
| Extent |
425გვ.25სმ. |
| 520 ## - SUMMARY, ETC. |
| Summary, etc. |
პარალ. სათ. ინგლ.ენ.:, ტექსტ. რუს ენ. |
| 653 ## - INDEX TERM--UNCONTROLLED |
| Uncontrolled term |
ისტორია, არქეოლოგია, ეთნოლოგია |
| 653 ## - INDEX TERM--UNCONTROLLED |
| Uncontrolled term |
საისტორიო ძიებანი XII |
| 653 ## - INDEX TERM--UNCONTROLLED |
| Uncontrolled term |
წელიწდეული |
| 942 ## - ADDED ENTRY ELEMENTS (KOHA) |
| Koha item type |
წიგნი |